Super Mario Characters by Picture - Statistics

General Stats
  • This quiz has been taken 103 times
  • The average score is 12 of 32
Answer Stats
Picture Answer % Correct
King Boo
91%
Shy Guy
90%
Wario
89%
Luigi
87%
Donkey Kong
86%
Princess Peach
86%
Lakitu
83%
Yoshi
83%
Princess Daisy
82%
Boo
79%
Hammer Bro
77%
Toad
76%
Baby Rosalina
75%
Diddy Kong
75%
Koopa Troopa
74%
Baby Luigi
73%
Baby Peach
73%
Goomba
73%
Bowser
71%
Chain Chomp
69%
Waluigi
67%
Fire Bro
64%
Mario
64%
Petey Piranha
64%
Baby Mario
63%
Piranha Plant
63%
Toadette
62%
Dry Bones
60%
Kamek
59%
Bob-omb
58%
Roy Koopa
58%
Wendy O. Koopa
58%
Monty Mole
57%
Rosalina
55%
Funky Kong
54%
Pauline
53%
Blooper
50%
Bowser Jr.
50%
Bullet Bill
50%
King Bob-omb
50%
King K. Rool
50%
Wiggler
50%
Koopa Paratroopa
47%
Nabbit
47%
Spiny
47%
Birdo
44%
Thwomp
44%
Tiny Kong
44%
Toadsworth
44%
Iggy Koopa
43%
Lemmy Koopa
43%
Spike
42%
Ludwig von Koopa
40%
Candy Kong
38%
Captain Toad
38%
Larry Koopa
37%
Dixie Kong
36%
Boomerang Bro
33%
Buzzy Beetle
33%
Luma
31%
Professor E. Gadd
31%
Morton Koopa Jr.
30%
Bully
29%
Pokey
29%
Banzai Bill
27%
Lava Bubble
25%
Whomp
25%
Deep Cheep
21%
Pianta
21%
Polterpup
20%
Fawful
17%
Lubba
17%
Squawks
17%
Goombrat
15%
Honey Queen
13%
Ashley
11%
Urchin
11%
Lanky Kong
10%
Swanky Kong
10%
Bumper
9%
Drumstick
9%
Kritter
9%
Baby Luma
8%
Enguarde
8%
Fish Bone
8%
Klaptrap
8%
Tiptup
8%
Winky
8%
Wrinkly Kong
8%
Blooper Baby
7%
Klump
7%
Pointy Tuck
7%
Professor Chops
7%
Flurl
6%
Amp
0%
Bramball
0%
Eep Cheep
0%
Expresso
0%
Foo
0%
Helibird
0%
Kiddy Kong
0%
Noki
0%
Pipsy
0%
Porcupuffer
0%
Quawks
0%
Rambi
0%
Rattly
0%
No matching quizzes found
Score Distribution
Percent of People with Each Score
Percentile by Number Answered
Your Score History
You have not taken this quiz